[Event "DSOL 04 Liga Gr-B 1st"]
[Site "Playchess.com INT"]
[Date "2020.07.27"]
[Round "6.4"]
[White "Schrader, Bernd"]
[Black "Abel, Hans Peter"]
[Result "0-1"]
[WhiteElo "1442"]
[BlackElo "1738"]
[PlyCount "46"]
[EventDate "2020.06.22"]
[EventType "team-tourn (rapid)"]
[EventCountry "GER"]
[SourceTitle "EXT 2021"]
[Source "ChessBase"]
[SourceDate "2020.10.23"]
[SourceVersion "1"]
[SourceVersionDate "2020.10.23"]
[SourceQuality "1"]
[WhiteTeam "Aachen Tigerli"]
[BlackTeam "Leinfelden"]
[WhiteTeamCountry "GER"]
[BlackTeamCountry "GER"]

1. e4 c5 2. Nf3 d6 3. h3 g6 4. c3 Nf6 5. e5 dxe5 6. Nxe5 Bg7 7. Bb5+ Nbd7 8. d4 cxd4 9. cxd4 0-0 10. Nxd7 Nxd7 11. 0-0 Nb6 12. Be3 Nd5 13. Nc3 e5 14. Nxd5 Qxd5 15. Qa4 exd4 16. Rad1 a6 17. Bc4 Qh5 18. Kh2 dxe3 19. fxe3 Qe5+ 20. Kh1 b5 21. Bxf7+ Rxf7 22. Rd8+ Bf8 23. Qb4 Rxf1# 0-1

[Event "GER-ch Net Amateur Gr-C Vor3"]
[Site "Playchess.com INT"]
[Date "2020.04.16"]
[Round "6"]
[White "Cancedda, Bastian"]
[Black "Schrader, Bernd"]
[Result "1-0"]
[WhiteElo "1541"]
[BlackElo "1364"]
[PlyCount "151"]
[EventDate "2020.04.16"]
[EventType "swiss (blitz)"]
[EventRounds "9"]
[EventCountry "GER"]
[SourceTitle "CBM 195 Extra"]
[Source "ChessBase"]
[SourceDate "2020.05.31"]
[SourceVersion "1"]
[SourceVersionDate "2020.05.31"]
[SourceQuality "1"]

1. c4 c5 2. Nc3 Nc6 3. d3 e6 4. e4 Nf6 5. Nge2 Be7 6. g3 0-0 7. Bg2 b6 8. 0-0 Bb7 9. f4 Qc7 10. b3 Nd4 11. Nxd4 cxd4 12. Nb5 Qc5 13. e5 Bxg2 14. Kxg2 Ne8 15. Bb2 Qc6+ 16. Kg1 a6 17. Nxd4 Bc5 18. a3 f6 19. b4 Bxd4+ 20. Bxd4 f5 21. Qe2 Nc7 22. Qe3 b5 23. cxb5 Nxb5 24. Bc5 Nc3 25. Rfc1 Nd5 26. Qf2 Rfc8 27. d4 Qb5 28. Qf1 Qxf1+ 29. Kxf1 Ne3+ 30. Kf2 Ng4+ 31. Kf3 Nxh2+ 32. Kg2 Ng4 33. Kf3 Rab8 34. Rh1 Nh6 35. Rag1 Nf7 36. g4 a5 37. gxf5 exf5 38. Rb1 axb4 39. axb4 Ra8 40. Ra1 Rxa1 41. Rxa1 Nd8 42. Ra7 Ne6 43. Rxd7 Nxc5 44. dxc5 Ra8 45. Rd3 Ra4 46. b5 Rb4 47. b6 Rb5 48. Rd5 Kf7 49. Kg3 Ke6 50. Rd6+ Ke7 51. Rd5 Ke6 52. Rd6+ Ke7 53. Rc6 g6 54. Rc7+ Kd8 55. Rxh7 Rxc5 56. b7 Rb5 57. Kh4 Rb4 58. Kg5 Rb5 59. Rh8+ Kc7 60. b8Q+ Rxb8 61. Rxb8 Kxb8 62. Kxg6 Kc8 63. Kxf5 Kd8 64. Ke6 Ke8 65. f5 Kf8 66. Kd7 Kf7 67. e6+ Kf8 68. e7+ Kf7 69. e8Q+ Kf6 70. Qe6+ Kg5 71. f6 Kg6 72. f7+ Kg7 73. Qe7 Kg6 74. f8Q Kh5 75. Qeg7 Kh4 76. Qfh8# 1-0

[Event "GER-ch Net Amateur Gr-C Vor3"]
[Site "Playchess.com INT"]
[Date "2020.04.16"]
[Round "9"]
[White "Pflugbeil, Julian"]
[Black "Schrader, Bernd"]
[Result "1-0"]
[WhiteElo "1406"]
[BlackElo "1337"]
[PlyCount "51"]
[EventDate "2020.04.16"]
[EventType "swiss (blitz)"]
[EventRounds "9"]
[EventCountry "GER"]
[SourceTitle "CBM 195 Extra"]
[Source "ChessBase"]
[SourceDate "2020.05.31"]
[SourceVersion "1"]
[SourceVersionDate "2020.05.31"]
[SourceQuality "1"]

1. e4 e5 2. Nc3 Nc6 3. Bc4 Nf6 4. d3 Bc5 5. Be3 Bxe3 6. fxe3 0-0 7. Nf3 d6 8. Qd2 Bg4 9. 0-0-0 Nd4 10. exd4 exd4 11. Ne2 c5 12. h3 Bd7 13. g4 Nxg4 14. hxg4 Bxg4 15. Nh2 Bxe2 16. Qxe2 Qd7 17. Rhg1 b5 18. Qg2 g6 19. Bd5 Rac8 20. Ng4 c4 21. Nf6+ Kg7 22. Nxd7 Rfe8 23. Rdf1 f6 24. Nxf6 cxd3 25. Nxe8+ Kh8 26. Rf8# 1-0

[Event "GER-ch Net Amateur Gr-C Vor3"]
[Site "Playchess.com INT"]
[Date "2020.04.16"]
[Round "5"]
[White "Schrader, Bernd"]
[Black "Burzacchini, Andrea"]
[Result "1/2-1/2"]
[WhiteElo "1356"]
[BlackElo "1529"]
[PlyCount "123"]
[EventDate "2020.04.16"]
[EventType "swiss (blitz)"]
[EventRounds "9"]
[EventCountry "GER"]
[SourceTitle "CBM 195 Extra"]
[Source "ChessBase"]
[SourceDate "2020.05.31"]
[SourceVersion "1"]
[SourceVersionDate "2020.05.31"]
[SourceQuality "1"]

1. e4 d5 2. exd5 Qxd5 3. Nc3 Qa5 4. Qf3 Nf6 5. Bd3 c6 6. Nge2 Bg4 7. Qf4 e5 8. Qc4 Qc7 9. 0-0 Bd6 10. Ne4 Nxe4 11. Qxe4 f5 12. Qc4 f4 13. f3 Bd7 14. Be4 Na6 15. d4 exd4 16. Qxd4 0-0-0 17. Qxa7 Rdg8 18. Qa8+ Qb8 19. Qxb8+ Kxb8 20. Bxf4 Bxf4 21. Nxf4 g5 22. Nh5 Nc5 23. Nf6 Rd8 24. Nxd7+ Rxd7 25. Bf5 Rd2 26. Rf2 Rhd8 27. Raf1 Na4 28. Rxd2 Rxd2 29. Bxh7 Nxb2 30. Rf2 Rd1+ 31. Rf1 Rd7 32. Be4 Nc4 33. Kf2 Nd2 34. Re1 Nxe4+ 35. Rxe4 Rd2+ 36. Kg3 Rxc2 37. Ra4 Kc7 38. a3 Rc5 39. Rg4 b5 40. h4 gxh4+ 41. Kxh4 Rc3 42. Rg7+ Kb6 43. Rg3 Rxa3 44. f4 Rxg3 45. Kxg3 b4 46. f5 b3 47. f6 b2 48. f7 b1Q 49. f8Q Qd3+ 50. Qf3 Qg6+ 51. Qg4 Qxg4+ 52. Kxg4 c5 53. Kf3 c4 54. Ke2 Kb5 55. Kd2 Kc5 56. Kc3 Kd5 57. g3 Kc5 58. g4 Kd5 59. g5 Ke5 60. g6 Kf6 61. g7 Kxg7 62. Kxc4 1/2-1/2

[Event "GER-ch Net Amateur Gr-C Vor3"]
[Site "Playchess.com INT"]
[Date "2020.04.16"]
[Round "8"]
[White "Schrader, Bernd"]
[Black "Niese, Juergen"]
[Result "1-0"]
[WhiteElo "1328"]
[BlackElo "1079"]
[PlyCount "87"]
[EventDate "2020.04.16"]
[EventType "swiss (blitz)"]
[EventRounds "9"]
[EventCountry "GER"]
[SourceTitle "CBM 195 Extra"]
[Source "ChessBase"]
[SourceDate "2020.05.31"]
[SourceVersion "1"]
[SourceVersionDate "2020.05.31"]
[SourceQuality "1"]

1. e4 Nf6 2. e5 Nd5 3. Nf3 d6 4. d4 Nc6 5. Bb5 Bd7 6. 0-0 g6 7. c4 Nb6 8. d5 Nxe5 9. Bxd7+ Qxd7 10. b3 Bg7 11. Nbd2 0-0 12. Rb1 c6 13. Ne4 cxd5 14. cxd5 Nxf3+ 15. Qxf3 Nxd5 16. Bg5 f6 17. Be3 e5 18. Rfd1 Ne7 19. Qg3 Nc8 20. Nc5 Qe7 21. Ne4 a5 22. Rbc1 a4 23. Qh3 axb3 24. axb3 f5 25. Bg5 Bf6 26. Nxf6+ Rxf6 27. Bxf6 Qxf6 28. Qd3 Ra6 29. Qd5+ Kg7 30. Rc7+ Kh6 31. Rxc8 Rc6 32. Rxc6 bxc6 33. Qxc6 f4 34. Qxd6 Qf5 35. Qd3 e4 36. Qd5 Qg4 37. Qxe4 g5 38. Rd6+ Kh5 39. Qf3 Qxf3 40. gxf3 h6 41. b4 Kh4 42. b5 g4 43. fxg4 Kxg4 44. b6 1-0

[Event "GER-ch Net Amateur Gr-C Vor3"]
[Site "Playchess.com INT"]
[Date "2020.04.16"]
[Round "3"]
[White "Schrader, Bernd"]
[Black "Stein, Daniel2222"]
[Result "1-0"]
[WhiteElo "1281"]
[BlackElo "1159"]
[PlyCount "67"]
[EventDate "2020.04.16"]
[EventType "swiss (blitz)"]
[EventRounds "9"]
[EventCountry "GER"]
[SourceTitle "CBM 195 Extra"]
[Source "ChessBase"]
[SourceDate "2020.05.31"]
[SourceVersion "1"]
[SourceVersionDate "2020.05.31"]
[SourceQuality "1"]

1. e4 e5 2. Nf3 Nc6 3. Bc4 Nf6 4. Ng5 d5 5. exd5 Na5 6. Nxf7 Kxf7 7. d6+ Be6 8. Bxe6+ Kxe6 9. dxc7 Qxc7 10. 0-0 Bc5 11. d3 Rhe8 12. Bg5 Kf7 13. Nc3 Kg8 14. a3 Rab8 15. b4 Bd4 16. Bxf6 gxf6 17. Qg4+ Kh8 18. Nd5 Qc4 19. dxc4 Nxc4 20. Nxf6 Rf8 21. Nd7 Rg8 22. Qh4 Rbe8 23. Nf6 Bxa1 24. Nxe8 Rxe8 25. Qf6+ Kg8 26. Rxa1 Nb6 27. Re1 Nd7 28. Qg5+ Kf7 29. Qf5+ Kg8 30. Qxd7 Rf8 31. Rxe5 Kh8 32. Rh5 h6 33. Rxh6+ Kg8 34. Qh7# 1-0

[Event "GER-ch Net Amateur Gr-C Vor2"]
[Site "Playchess.com INT"]
[Date "2020.04.15"]
[Round "8"]
[White "Foeing, Sebastian"]
[Black "Schrader, Bernd"]
[Result "1/2-1/2"]
[WhiteElo "1404"]
[BlackElo "1383"]
[PlyCount "87"]
[EventDate "2020.04.15"]
[EventType "swiss (blitz)"]
[EventRounds "9"]
[EventCountry "GER"]
[SourceTitle "CBM 196 Extra"]
[Source "ChessBase"]
[SourceDate "2020.07.31"]
[SourceVersion "1"]
[SourceVersionDate "2020.07.31"]
[SourceQuality "1"]

1. e4 e5 2. Nf3 Nc6 3. Nc3 Nf6 4. Bb5 a6 5. Bxc6 bxc6 6. 0-0 d6 7. d4 exd4 8. Nxd4 Bb7 9. f4 c5 10. Nf5 Nxe4 11. Nxe4 Bxe4 12. Re1 d5 13. Ng3 Bd6 14. Nxe4 dxe4 15. Rxe4+ Be7 16. Qe2 c4 17. f5 f6 18. b3 Kf7 19. Qxc4+ Kf8 20. Rd4 Qc8 21. Be3 Qxf5 22. Qc6 Bc5 23. Qxa8+ Kf7 24. Qd5+ Qxd5 25. Rxd5 Bxe3+ 26. Kf1 Re8 27. Re1 c6 28. Rd7+ Kg6 29. c4 Re5 30. g3 Rf5+ 31. Kg2 Rf2+ 32. Kg1 Rd2+ 33. Kf1 Rxd7 34. Rxe3 Rd1+ 35. Re1 Rd2 36. Re2 Rd1+ 37. Re1 Rd2 38. Re2 Rd4 39. Kf2 Rd3 40. Re3 Rd2+ 41. Re2 Rd3 42. Re3 Rd1 43. Re1 Rd3 44. Re3 1/2-1/2

[Event "GER-ch Net Amateur Gr-C Vor2"]
[Site "Playchess.com INT"]
[Date "2020.04.15"]
[Round "4"]
[White "Schrader, Bernd"]
[Black "Kilius, Anastasios"]
[Result "0-1"]
[WhiteElo "1439"]
[BlackElo "1338"]
[PlyCount "42"]
[EventDate "2020.04.15"]
[EventType "swiss (blitz)"]
[EventRounds "9"]
[EventCountry "GER"]
[SourceTitle "CBM 196 Extra"]
[Source "ChessBase"]
[SourceDate "2020.07.31"]
[SourceVersion "1"]
[SourceVersionDate "2020.07.31"]
[SourceQuality "1"]

1. e4 c5 2. Nf3 b6 3. Bc4 Bb7 4. d3 e6 5. 0-0 d6 6. Bg5 Be7 7. Bxe7 Nxe7 8. Nc3 Nd7 9. Bb5 a6 10. Bxd7+ Qxd7 11. d4 cxd4 12. Qxd4 b5 13. Qxg7 0-0-0 14. Qxf7 Rdf8 15. Qh5 Rhg8 16. Rad1 d5 17. Ne5 Qd6 18. Nf7 Qf4 19. Nh6 Rg6 20. exd5 Rxh6 21. Qe2 Qxh2# 0-1

[Event "Maastricht Limburg op-C 5th"]
[Site "Maastricht"]
[Date "2011.06.13"]
[Round "7"]
[White "Klokgieters, Dick"]
[Black "Schrader, Bernd"]
[Result "1-0"]
[WhiteElo "1522"]
[BlackElo "1372"]
[PlyCount "59"]
[EventDate "2011.06.10"]
[EventType "swiss"]
[EventRounds "7"]
[EventCountry "NED"]
[SourceTitle "EXT 2012"]
[Source "ChessBase"]
[SourceDate "2011.11.24"]
[SourceVersion "1"]
[SourceVersionDate "2011.11.24"]
[SourceQuality "1"]

1. d4 d5 2. g3 c6 3. c3 Nf6 4. Bg2 Bf5 5. Nd2 e6 6. e3 Bd6 7. Ne2 Nbd7 8. 0-0 0-0 9. f3 c5 10. e4 dxe4 11. fxe4 cxd4 12. exf5 dxc3 13. Nxc3 Qc7 14. Nde4 Nxe4 15. Nxe4 Be5 16. fxe6 fxe6 17. Rxf8+ Rxf8 18. Qb3 Nc5 19. Nxc5 Qxc5+ 20. Be3 Bd4 21. Qxe6+ Kh8 22. Bxd4 Qxd4+ 23. Kh1 Qxb2 24. Rf1 Rd8 25. Qf7 Qb4 26. Bxb7 h6 27. Bg2 a5 28. Bd5 Qc5 29. Be4 a4 30. Qg6 1-0

[Event "Maastricht Limburg op-C 5th"]
[Site "Maastricht"]
[Date "2011.06.12"]
[Round "5"]
[White "Preuter, Carlos"]
[Black "Schrader, Bernd"]
[Result "1-0"]
[WhiteElo "1676"]
[BlackElo "1372"]
[PlyCount "93"]
[EventDate "2011.06.10"]
[EventType "swiss"]
[EventRounds "7"]
[EventCountry "NED"]
[SourceTitle "EXT 2012"]
[Source "ChessBase"]
[SourceDate "2011.11.24"]
[SourceVersion "1"]
[SourceVersionDate "2011.11.24"]
[SourceQuality "1"]

1. d4 d5 2. Nf3 Nf6 3. g3 Bg4 4. Bg2 e6 5. c3 Bd6 6. Be3 Nbd7 7. Nfd2 0-0 8. Nb3 b6 9. N1d2 Rb8 10. f3 Bh5 11. c4 dxc4 12. Nxc4 Bb4+ 13. Kf2 Nd5 14. Bc1 c5 15. a3 Ba5 16. e4 N5f6 17. g4 Bg6 18. h4 h5 19. g5 Ne8 20. dxc5 Nxc5 21. Qxd8 Rxd8 22. Nxc5 Rc8 23. Nxa5 Rxc5 24. Nb3 Rc2+ 25. Kg3 f5 26. e5 f4+ 27. Kh2 Nc7 28. Nd4 Rc4 29. Ne2 Nd5 30. Rd1 Ne3 31. Rd7 Rc2 32. Nxf4 Nf1+ 33. Kg1 Ng3 34. Nxg6 Ne2+ 35. Kh2 Rf7 36. Rd8+ Kh7 37. Nf8+ Kg8 38. Nxe6+ Kh7 39. f4 Nxc1 40. Rxc1 Rxc1 41. g6+ Kxg6 42. Be4+ Rf5 43. Nf8+ Kf7 44. Bxf5 Rf1 45. Kg3 Ke7 46. Rc8 Re1 47. Ng6+ 1-0

[Event "Maastricht Limburg op-C 5th"]
[Site "Maastricht"]
[Date "2011.06.10"]
[Round "1"]
[White "De Schepper, Marcel"]
[Black "Schrader, Bernd"]
[Result "1-0"]
[WhiteElo "1617"]
[BlackElo "1372"]
[PlyCount "77"]
[EventDate "2011.06.10"]
[EventType "swiss"]
[EventRounds "7"]
[EventCountry "NED"]
[SourceTitle "EXT 2012"]
[Source "ChessBase"]
[SourceDate "2011.11.24"]
[SourceVersion "1"]
[SourceVersionDate "2011.11.24"]
[SourceQuality "1"]

1. d4 d5 2. c4 c6 3. e3 Nf6 4. Nc3 e6 5. Nf3 Nbd7 6. Bd3 Bb4 7. 0-0 0-0 8. Qc2 dxc4 9. Bxc4 Nd5 10. a3 Bd6 11. Bd3 N7f6 12. e4 Nxc3 13. bxc3 Ng4 14. e5 Bc7 15. Bxh7+ Kh8 16. Bd3 g6 17. h3 Kg7 18. hxg4 Rh8 19. Bg5 Qg8 20. Bf6+ Kf8 21. Bxh8 Qxh8 22. Nh2 c5 23. f4 b6 24. Be4 Rb8 25. Rf3 f5 26. exf6 Qxf6 27. dxc5 Kg7 28. Rb1 bxc5 29. Rxb8 Bxb8 30. g3 Bd7 31. Qd3 Be8 32. g5 Qe7 33. c4 Bc7 34. Ng4 a5 35. Rf2 e5 36. Nf6 exf4 37. gxf4 Kf8 38. Bd5 Qd6 39. Qc3 1-0